<?xml version="1.0" encoding="UTF-8"?><?xml-stylesheet type="text/xsl" href="static/style.xsl"?><OAI-PMH xmlns="http://www.openarchives.org/OAI/2.0/" xmlns:xsi="http://www.w3.org/2001/XMLSchema-instance" xsi:schemaLocation="http://www.openarchives.org/OAI/2.0/ http://www.openarchives.org/OAI/2.0/OAI-PMH.xsd"><responseDate>2026-04-17T23:16:36Z</responseDate><request verb="GetRecord" identifier="oai:riubu.ubu.es:10259/8665" metadataPrefix="marc">https://riubu.ubu.es/oai/request</request><GetRecord><record><header><identifier>oai:riubu.ubu.es:10259/8665</identifier><datestamp>2025-01-20T07:29:33Z</datestamp><setSpec>com_10259_4809</setSpec><setSpec>com_10259_5086</setSpec><setSpec>com_10259_2604</setSpec><setSpec>com_10259_3969</setSpec><setSpec>col_10259_4810</setSpec><setSpec>col_10259_3970</setSpec></header><metadata><record xmlns="http://www.loc.gov/MARC21/slim" xmlns:doc="http://www.lyncode.com/xoai" xmlns:xsi="http://www.w3.org/2001/XMLSchema-instance" xmlns:dcterms="http://purl.org/dc/terms/" xsi:schemaLocation="http://www.loc.gov/MARC21/slim http://www.loc.gov/standards/marcxml/schema/MARC21slim.xsd">
<leader>00925njm 22002777a 4500</leader>
<datafield tag="042" ind1=" " ind2=" ">
<subfield code="a">dc</subfield>
</datafield>
<datafield tag="720" ind1=" " ind2=" ">
<subfield code="a">González Cabrera, Dorys Carmen</subfield>
<subfield code="e">author</subfield>
</datafield>
<datafield tag="720" ind1=" " ind2=" ">
<subfield code="a">Mena Alonso, Álvaro</subfield>
<subfield code="e">author</subfield>
</datafield>
<datafield tag="720" ind1=" " ind2=" ">
<subfield code="a">Mínguez Algarra, Jesús</subfield>
<subfield code="e">author</subfield>
</datafield>
<datafield tag="720" ind1=" " ind2=" ">
<subfield code="a">Martínez Martínez, José Antonio</subfield>
<subfield code="e">author</subfield>
</datafield>
<datafield tag="720" ind1=" " ind2=" ">
<subfield code="a">Vicente Cabrera, Miguel Ángel</subfield>
<subfield code="e">author</subfield>
</datafield>
<datafield tag="260" ind1=" " ind2=" ">
<subfield code="c">2024-01</subfield>
</datafield>
<datafield tag="520" ind1=" " ind2=" ">
<subfield code="a">This paper shows the relationship, in steel fiber-reinforced concrete, between fiber orientation and fatigue response through the combined use of computed tomography (CT), digital image processing (DIP) software and wedge splitting test (WST). The WST cubes were extracted from conventional 150 × 150× 600 concrete prisms and a groove and notch were carved on different faces in such a way that in half of the test specimens the fibers are oriented mostly perpendicular to the breaking surface and, in the other half, the fibers are mostly oriented parallel to the breaking surface. Fiber orientation was obtained using a CT device and DIP software from a miniprism extracted from the previously mentioned concrete prisms. The results show that there is a strong correlation between the crack-sewing fiber orientation on the one hand and fatigue life and crack opening rate per cycle on the other hand. Cubes with a higher percentage of fibers perpendicular to the crack surface (i.e., with a higher efficiency index) show a longer fatigue life and a lower crack opening rate per cycle, while cubes with a lower efficiency index show a shorter fatigue life and a higher crack opening rate per cycle.</subfield>
</datafield>
<datafield tag="024" ind2=" " ind1="8">
<subfield code="a">1976-0485</subfield>
</datafield>
<datafield tag="024" ind2=" " ind1="8">
<subfield code="a">http://hdl.handle.net/10259/8665</subfield>
</datafield>
<datafield tag="024" ind2=" " ind1="8">
<subfield code="a">10.1186/s40069-023-00639-8</subfield>
</datafield>
<datafield tag="024" ind2=" " ind1="8">
<subfield code="a">2234-1315</subfield>
</datafield>
<datafield ind1=" " ind2=" " tag="653">
<subfield code="a">Fiber-reinforced concrete</subfield>
</datafield>
<datafield ind1=" " ind2=" " tag="653">
<subfield code="a">CT-scan technology</subfield>
</datafield>
<datafield ind1=" " ind2=" " tag="653">
<subfield code="a">Crack petterns</subfield>
</datafield>
<datafield ind1=" " ind2=" " tag="653">
<subfield code="a">Wedge splitting test</subfield>
</datafield>
<datafield ind1=" " ind2=" " tag="653">
<subfield code="a">Fatigue creep curve</subfield>
</datafield>
<datafield tag="245" ind1="0" ind2="0">
<subfield code="a">Effect of Fiber Orientation on the Fatigue Behavior of Steel Fiber-Reinforced Concrete Specimens by Performing Wedge Splitting Tests and Computed Tomography Scanning</subfield>
</datafield>
</record></metadata></record></GetRecord></OAI-PMH>